000 00599nam a2200241Ia 4500
003 OSt
005 20221005122457.0
006 a|||||r|||| 00| 0
007 ta
008 221004b |||||||| |||| 00| 0 kan d
024 _a60678
037 _cTextual
040 _aCRL
_cCRL
_bkan
041 _2kan
_akan
082 _aO33,2N15j, L5
100 _aGowda Javare Ed.
_9632064
245 0 _aKabbina halu
260 _c1975
650 _a KANNAD LITERATURE
650 _aKANNAD DRAMA
942 _hO33,2N15j, L5
_cTEXL
_2cc
999 _c1044426
_d1044426